Zariadenie na výmenu lejacích rúrok rozvádzacieho zariadenia na plynulé liatie ocele, spôsob výmeny lejacej rúrky a lejacia rúrka. B22D 41/56 patentový dokument

Bibliographic Details
Main Author: Richard, François-Noël (Author)
Format: Book
Language:Undetermined
Published: Banská Bystrica Úrad priemyselného vlastníctva SR 2003
Subjects:

MARC

LEADER 00000nam a2200000 a 4500
001 vtls001464432
003 SK-MaSNL
005 20260302073228.0
008 240314s2003 xo 0 und
035 |a SNK000419737 
040 |a SNK  |b slo  |c SNK  |e AACR2 
044 |a xo  |c SK 
100 1 |a Richard, François-Noël  |4 aut  |9 409658 
245 1 0 |a Zariadenie na výmenu lejacích rúrok rozvádzacieho zariadenia na plynulé liatie ocele, spôsob výmeny lejacej rúrky a lejacia rúrka. B22D 41/56  |b patentový dokument 
260 |a Banská Bystrica  |b Úrad priemyselného vlastníctva SR  |c 2003 
655 7 |a patentové spisy  |2 SNK  |9 63387 
999 |c 1160004  |d 1161934 
952 |t P60, <03>, [BOOK], {603}  |a SNK  |b SNK  |y PREZ  |7 0  |p 17A0398293  |o snkSK 283132  |i snkPS 844/2003  |0 0  |1 0  |4 0  |d 2003-12-01  |l 0  |r 2005-01-02 00:00:00  |w 2026-02-24